[Event "Challenge"]
[Site "http://www.queenalice.com/game.php?id=82179"]
[Date "2006.7.3"]
[Round "-"]
[White "metroid"]
[Black "Luann03"]
[Result "1-0"]
[WhiteElo "1290"]
[BlackElo "1370"]

1. b3 e6 2. e3 e5 3. Nc3 Nc6 4. Nf3 d6 5. Nd5 Be6 6. Bc4 b5 7. Bxb5 a6 8. Bxc6+
Bd7 9. Bb7 Rb8 10. Bxa6 c6 11. Nc3 Ne7 12. e4 d5 13. d3 Ra8 14. Bb7 Ra7 15. Ng5
Rxb7 16. Qh5 g6 17. Qf3 f5 18. exf5 Qb6 19. f6 Nf5 20. f7+ Kd8 21. Be3 Qb4 22.
Bd2 d4 23. Nce4 Qa3 24. Nf6 Bc8 25. Qxc6 Bc5 26. f4 Rc7 27. Ne6+ Bxe6 28. Qxe6
Ng7 29. Qd5+ Bd6 30. Bc1 Qb4+ 31. Bd2 Qb8 32. Qxd6+ Kc8 33. Nd5 Qa7 34. Nb6+ Kb8
35. Nd5 h6 36. f5 gxf5 37. b4 e4 38. Bf4 h5 39. b5 Qa5+ 40. c3 Qxb5 41. Nxc7 Qb2
42. Ne8+ Ka7 43. Nf6 Qxa1+ 44. Kf2 Qxh1 45. Qd7+ Ka8 46. Nd5 exd3 47. Nb6# 1-0

[Event "Challenge"]
[Site "http://www.queenalice.com/game.php?id=121301"]
[Date "2006.10.25"]
[Round "-"]
[White "metroid"]
[Black "javanBRA"]
[Result "1-0"]
[WhiteElo "1235"]
[BlackElo "1076"]

1. e4 e5 2. Nf3 Nc6 3. Nc3 Bb4 4. Qe2 d6 5. h4 Bg4 6. Qc4 Nf6 7. Ng5 Qd7 8. a3
Bxc3 9. dxc3 d5 10. Qb3 dxe4 11. Be3 Na5 12. Qa2 Be6 13. b3 h6 14. Rd1 Nd5 15.
Bd2 hxg5 16. c4 Nf6 17. Bxg5 Nh7 18. Rxd7 Bxd7 19. Bd2 g5 20. Bxa5 b6 21. Bd2
Nf8 22. Qa1 f6 23. c5 b5 24. a4 c6 25. g3 Ne6 26. Qc3 a6 27. b4 Nd4 28. Bg2 Bf5
29. Be3 Rd8 30. Bf1 Nf3+ 31. Ke2 Bg4 32. Bg2 Nd4+ 33. Kf1 Ne2 34. Qa1 Nf4 35.
Bxe4 Rd1+ 36. Qxd1 Bxd1 37. Ke1 Bg4 38. Bxc6+ Bd7 39. Bf3 bxa4 40. hxg5 Rxh1+
41. Bxh1 fxg5 42. gxf4 exf4 43. Bd4 a3 44. Bb7 Bb5 45. c6 Kd8 46. Be5 Ke7 47. c7
Ke6 48. Bc3 Bd7 49. Bxa6 a2 50. Bb7 Kd6 51. c8=Q Bxc8 52. Bxc8 Kd5 53. b5 Kc4
54. Bf6 Kxb5 55. Be6 a1=Q+ 56. Bxa1 Kb4 57. c3+ Kc5 58. c4 Kd6 59. Bg8 Kc5 60.
Bf6 g4 61. Be7+ Kc6 62. c5 g3 63. fxg3 fxg3 64. Kf1 Kd7 65. Bh4 Kc6 66. Be7 Kd7
67. Bf8 Kc6 68. Bb3 Kb5 69. Kg2 Kb4 70. Be6 Kb5 71. Bd7+ 1-0

[Event "Challenge"]
[Site "http://www.queenalice.com/game.php?id=122540"]
[Date "2006.10.28"]
[Round "-"]
[White "Lucas12"]
[Black "metroid"]
[Result "0-1"]
[WhiteElo "1588"]
[BlackElo "1175"]

1. e3 Nc6 2. Nf3 Nf6 3. Na3 e5 4. Bc4 Nb4 5. Ng5 d5 6. Bb5+ c6 7. Bd3 e4 8. c3
Nxd3+ 9. Ke2 Ne5 10. Qa4 Ng8 11. h4 h6 12. f4 Bg4+ 13. Kf1 Nd3 14. Nh3 g5 15.
fxg5 Nf6 16. Nf4 Bd6 17. b4 hxg5 18. Ne2 Nh5 19. Rg1 Ng3+ 20. Nxg3 Qf6+ 21. Nf5
Qxf5# 0-1

[Event "Challenge"]
[Site "http://www.queenalice.com/game.php?id=122703"]
[Date "2006.10.28"]
[Round "-"]
[White "Lucas12"]
[Black "metroid"]
[Result "0-1"]
[WhiteElo "1558"]
[BlackElo "1205"]

1. e3 e5 2. d4 Nc6 3. Na3 Bb4+ 4. c3 Bf8 5. Qf3 Nf6 6. g4 d6 7. g5 Ng4 8. Bh3
Qxg5 9. e4 Qg6 10. Nc4 Nxh2 11. Qd1 Ng4 12. Nf3 Qf6 13. Ng5 Qxf2# 0-1

[Event "Challenge"]
[Site "http://www.queenalice.com/game.php?id=122710"]
[Date "2006.10.28"]
[Round "-"]
[White "metroid"]
[Black "Lucas12"]
[Result "1-0"]
[WhiteElo "1265"]
[BlackElo "1528"]

1. e4 e5 2. Nf3 Nf6 3. c3 b5 4. Qb3 h6 5. Nxe5 Qe7 6. d4 Nxe4 7. Qxb5 Qf6 8. f3
Nd6 9. Qb3 Nc6 10. Nxc6 dxc6 11. Qa4 Bb7 12. Ba6 Bxa6 13. Qxa6 Nb5 14. O-O c5
15. Qxb5+ Kd8 16. Re1 Be7 17. Qb7 Kd7 18. dxc5 Bxc5+ 19. Kf1 Rhe8 20. Rd1+ Ke6
21. c4 Qh4 22. Qd5+ Ke7 23. Qxc5+ Kf6 24. g4 Qg5 25. Bxg5+ hxg5 26. Rd7 Re5 27.
Qxc7 Re3 28. Qb7 Rae8 29. Rxf7+ Kg6 30. Rxg7+ Kh6 31. Nc3 Rxf3+ 32. Qxf3 Kxg7
33. Rd1 a5 34. Rd7+ Kg6 35. Qf7+ Kh6 36. Qh5# 1-0

[Event "Challenge"]
[Site "http://www.queenalice.com/game.php?id=122754"]
[Date "2006.10.28"]
[Round "-"]
[White "LucioGorgone"]
[Black "metroid"]
[Result "1-0"]
[WhiteElo "1255"]
[BlackElo "1292"]

1. d4 d5 2. Nc3 Nf6 3. Nf3 e6 4. Ng5 Ng4 5. f3 Nf6 6. e4 h6 7. Nh3 c6 8. Na4
Qa5+ 9. c3 Qd8 10. Bf4 g5 11. Be3 Qe7 12. Nc5 b6 13. Nd3 g4 14. fxg4 e5 15. Qf3
Nxg4 16. Bd2 c5 17. b4 cxd4 18. cxd4 exd4 19. Rc1 Qd7 20. Ndf4 Nc6 21. Bb5 Bb7
22. Qd3 a6 23. Ba4 Bxb4 24. exd5 Qe7+ 25. Kd1 O-O-O 26. Re1 1-0

[Event "Challenge"]
[Site "http://www.queenalice.com/game.php?id=123673"]
[Date "2006.10.31"]
[Round "-"]
[White "javanBRA"]
[Black "metroid"]
[Result "1-0"]
[WhiteElo "1056"]
[BlackElo "1265"]

1. e4 e5 2. Nf3 Nf6 3. Nxe5 Nxe4 4. Bd3 Qe7 5. f4 Nf6 6. O-O d6 7. Nf3 Nd5 8.
Re1 Be6 9. f5 Nf4 10. fxe6 fxe6 11. Bb5+ Nc6 12. Bd3 O-O-O 13. Bf5 Nd4 14. Nxd4
Qg5 15. Bxe6+ Rd7 16. Bxd7+ Kxd7 17. g3 Qd5 18. gxf4 Qxd4+ 19. Kf1 Qxf4+ 20. Kg1
d5 21. Qe2 Bc5+ 22. Kg2 Rf8 23. Rf1 Qxf1+ 24. Qxf1 Rxf1 25. Kxf1 g5 26. d3 g4
27. Nc3 h5 28. Nxd5 h4 29. Bf4 c6 30. Nf6+ Ke6 31. Nxg4 Kf5 32. Be3 b6 33. d4
Bd6 34. Nh6+ Kg6 35. Ke2 Bxh2 36. Rh1 Bd6 37. Rxh4 Be7 38. Rg4+ Kh5 39. Rg7 Bf8
40. Rh7 Kg6 41. Rh8 Kg7 42. Nf7 Kxf7 43. Rh7+ Bg7 44. c4 Kg6 45. Rh4 Bf6 46.
Rh6+ Kg7 47. d5 cxd5 48. cxd5 Bxb2 49. d6 Bf6 50. d7 Kf7 51. Rxf6+ Ke7 52. Rf7+
Kd8 53. Bg5+ Kc7 54. d8+=Q+ 1-0

[Event "Challenge"]
[Site "http://www.queenalice.com/game.php?id=123701"]
[Date "2006.10.31"]
[Round "-"]
[White "metroid"]
[Black "Loro"]
[Result "0-1"]
[WhiteElo "1290"]
[BlackElo "1248"]

1. e4 e5 2. Nf3 Nc6 3. Bc4 Qe7 4. d3 b6 5. Ng5 f6 6. Nf7 b5 7. Bd5 Nh6 8. Nxh8
Bb7 9. c3 O-O-O 10. d4 Qd6 11. Qb3 Na5 12. Qxb5 Nc6 13. b3 a6 14. Qc4 Be7 15.
Ba3 Na5 16. Qb4 Qb6 17. Qxe7 Rxh8 18. Bc5 Qb5 19. Qxg7 Rd8 0-1

[Event "Challenge"]
[Site "http://www.queenalice.com/game.php?id=127755"]
[Date "2006.11.10"]
[Round "-"]
[White "javanBRA"]
[Black "metroid"]
[Result "1-0"]
[WhiteElo "1103"]
[BlackElo "1290"]

1. e4 e5 2. Nf3 Nf6 3. Nxe5 Qe7 4. f4 Nxe4 5. Bd3 Qh4+ 6. g3 Bc5 7. gxh4 Nf2 8.
Qf3 d6 9. Nc4 g6 10. Nc3 h5 11. Rf1 Bg4 12. Qxb7 Nxd3+ 13. cxd3 O-O 14. Qxa8 d5
15. Qxd5 Re8+ 16. Ne3 c6 17. Qxc5 1-0

[Event "Challenge"]
[Site "http://www.queenalice.com/game.php?id=139999"]
[Date "2006.12.11"]
[Round "-"]
[White "javanBRA"]
[Black "metroid"]
[Result "1-0"]
[WhiteElo "1115"]
[BlackElo "1265"]

1. e4 e5 2. Nf3 Nc6 3. d4 exd4 4. Nxd4 Qf6 5. Be3 Nh6 6. Bb5 Qh4 7. Bd3 Ng4 8.
Nc3 Nxe3 9. g3 Nxd1 10. gxh4 Nxc3 11. bxc3 Ne5 12. Be2 c5 13. Nb3 c4 14. Nd2 b5
15. Rb1 Rb8 16. a4 g6 17. f4 Bh6 18. fxe5 Bxd2+ 19. Kxd2 O-O 20. Bxc4 Bb7 21.
Bxb5 Bxe4 22. Rhc1 Rbd8 23. Ke3 f5 24. c4 d6 25. Ba6 dxe5 26. c5 Rf6 27. Bc4+
Bd5 28. Bb5 f4+ 29. Ke2 f3+ 30. Ke3 a6 31. c4 Bb7 32. c6 Bxc6 33. Bxa6 e4 34.
Bb5 Rd3+ 35. Kf2 e3+ 36. Kg3 Ba8 37. c5 Bd5 38. Bxd3 f2 39. Rb8+ Kg7 40. Rc8
Rf3+ 41. Kg2 Rf8+ 42. Kg3 Rxc8 43. Bb5 1-0